000 00329nam a2200133Ia 4500
008 210210b1977 xxu||||| |||| 00| 0 eng d
082 _a344.012 PAYM
100 _a-
245 _aPayment of wages act with rules.
260 _aAllahabad
_bAllahabad Law Agency
_c1977
300 _a24
690 _aLabour Law
906 _aSG01166
999 _c112691
_d112691